Burke, Paine, Godwin, and the revolution controversy / (Record no. 12970)

MARC details
000 -BAŞLIK
Sabit Uzunlukta Kontrol Alanı 00688nam a2200217 4500
999 ## - SİSTEM KONTROL NUMARALARI (KOHA)
Koha Biblionumber 12970
Koha Biblioitemnumber 12970
003 - KONTROL NUMARASI IDENTIFIER
Denetim Alanı MIRAKIL
005 - SON İŞLEM TARİHİ VE ZAMANI
Denetim Alanı 20190315175522.0
008 - SABİT-BOY VERİ ELEMANLARI - GENEL BİLGİLER
Sabit Uzunlukta Kontrol Alanı 190315b tu ||||| |||| 00| 0 tur d
020 ## - ULUSLARARASI STANDART KİTAP NUMARASI
Uluslararası Standart Kitap Numarası 0521286565
040 ## - KATALOGLAMA KAYNAK
Orijinal Kataloglama Ajansı TR-AnCHP
Metne Dönüştürmek Ajansı TR-AnCHP
041 ## - DİL KODU
Metin / Ses Parça Veya Ayrı Başlığın Dil Kodu eng
082 ## - DEWEY ONLU SINIFLANDIRMA NUMARASI
Sınıflandırma Numarası 320.50941
Ürün Numarası B84 2000
245 10 - BAŞLIK TABLOSU
Başlık Burke, Paine, Godwin, and the revolution controversy /
Sorumluluk Tablosu, Vb editör Marilyn Butler.
260 ## - YAYIN, DAĞITIM, VB
Yayın, Dağıtım, Vb Yeri Cambridge :
Yayıncı, Dağıtıcı, Vs Adı Cambridge University Press,
Yayın, Dağıtım, Vb Tarihi 2000.
300 ## - FİZİKSEL TANIM
Kapsam xii, 260 s.:
Boyutlar 22 sm.
504 ## - KAYNAKÇA VB NOT
Kaynakça Vb Notu Kaynakça vardır.
650 #0 - KONU KATMA GİRİŞ - TOPİKAL DÖNEM
9 (RLIN) 5084
Topikal Süreli Veya Coğrafi Ad Giriş Elemanı Siyaset Bilimi
Genel Alt Bölümü İngiltere
-- Tarih
651 #0 - KONU KATMA GİRİŞ - COĞRAFİ ADI
9 (RLIN) 5478
Coğrafi İsim İngiltere
Genel Alt Bölümü Siyasi tarih
Kronolojik Alt Bölümü 18. yy
700 ## - KATMA GİRİŞ - KİŞİSEL İSİM
9 (RLIN) 5479
Kişisel Ad Butler, Marilyn.
Relator Terim ed.
942 ## - EKLENDİ GİRİŞ ELEMANLARI (KOHA)
Sınıflandırma Veya Raf Düzeni Kaynak Dewey Decimal Classification
Koha Öğesi Türü Books
Holdings
Kalıcı Konum Mevcut Konum Edinme Tarihi Toplam Check-Out'Lar Tam Çağrı Numarası Barkod Tarih Son Görülme İtibaren Geçerli Fiyatlar Sigara Kamu Notu Koha Öğesi Türü
CHP Kütüphanesi CHP Kütüphanesi 03/15/2019   320.50941 B84 2000 019030 03/15/2019 03/15/2019 Ertuğrul Çepni bağışıdır. Books